Psicología de las minorías activas /
Guardado en:
| 主要作者: | |
|---|---|
| 格式: | 图书 |
| 语言: | Spanish English |
| 出版: |
Madrid
Morata
1981
|
| 版: | 2. edición |
| 丛编: | Colección Sociología. Demos
|
| 主题: | |
| 标签: |
添加标签
没有标签, 成为第一个标记此记录!
|
MARC
| LEADER | 00000nam a2200000 b 4500 | ||
|---|---|---|---|
| 001 | bimo0000698394 | ||
| 005 | 20140627055529.0 | ||
| 008 | 971007s1981 sp | g ||0 0|spa | ||
| 020 | |a 8471121808 | ||
| 040 | |a SpMaBN |b spa |c SpMaBN | ||
| 041 | 1 | |a spa |h eng | |
| 082 | |a 301.15 |b M894p2 | ||
| 100 | 1 | |a Moscovici, Serge | |
| 245 | 1 | 0 | |a Psicología de las minorías activas / |c Serge Moscovici ; traducido por M. Olasagasti |h [Texto impreso] |
| 250 | |a 2. edición | ||
| 260 | |a Madrid |b Morata |c 1981 | ||
| 300 | |a 303 páginas | ||
| 490 | 1 | |a Colección Sociología. Demos | |
| 500 | |a Título original: Social influence and social change--Reimpresiones: 1996 | ||
| 650 | 7 | |a CONFORMIDAD SOCIAL |2 embne | |
| 650 | 7 | |a CAMBIO SOCIAL |2 embne | |
| 650 | 7 | |a LUCHAS SOCIALES | |
| 942 | |2 ddc |c BK | ||
| 956 | |a 2 | ||
| 999 | |c 3328 |d 3328 | ||



